[Event "Islington"]
[Site "?"]
[Date "1978.??.??"]
[Round "6"]
[White "Thurlow, Kevin J"]
[Black "Berry, Stephen H"]
[Result "0-1"]
[WhiteElo "2025"]
[BlackElo "2200"]
[PlyCount "58"]
[EventDate "1978.??.??"]

1. c4 e6 2. Nc3 Nf6 3. e4 d5 4. e5 Ne4 5. cxd5 exd5 6. Nxe4 dxe4 7. Qa4+ Nc6 8.
Qxe4 Qd4 9. Qxd4 Nxd4 10. Bd3 Be6 11. Ne2 Bc5 12. O-O O-O-O 13. Nf4 Bd7 14. a3
Nc6 15. e6 fxe6 16. b4 Bd4 17. Rb1 Bb6 18. Be4 Nd4 19. d3 Rhf8 20. g3 g5 21.
Nh3 Ne2+ 22. Kg2 g4 23. Nf4 Nc3 24. Rb3 Nxe4 25. dxe4 Bb5 26. Re1 e5 27. Ne6
Rxf2+ 28. Kh1 Bc4 29. Nxd8 Bxb3 {Source: Kevin Thurlow} 0-1

[Event "Chequers op"]
[Site "?"]
[Date "1984.??.??"]
[Round "2"]
[White "Thurlow, Kevin J"]
[Black "Berry, Stephen H"]
[Result "1-0"]
[WhiteElo "1985"]
[BlackElo "2230"]
[PlyCount "67"]
[EventDate "1984.??.??"]
[SourceTitle "Din22"]

1. c4 e6 2. Nc3 b6 3. d4 Bb4 4. e4 Bb7 5. Bd3 f5 6. Qh5+ g6 7. Qe2 Nf6 8. Bg5
fxe4 9. Bxe4 Nxe4 10. Bxd8 Nxc3 11. bxc3 Bxc3+ 12. Kf1 Bxa1 13. Qd1 Na6 14. Bg5
Bc3 15. Ne2 Bb4 16. h4 O-O 17. h5 Rf5 18. Be3 Bd6 19. hxg6 hxg6 20. d5 Raf8 21.
Nd4 R5f6 22. Qg4 Nc5 23. Qh3 Kf7 24. Bg5 Ke8 25. Bxf6 Rxf6 26. Qh8+ Rf8 27. Qg7
Ba6 28. Nb5 Bxb5 29. cxb5 exd5 30. Qxg6+ Kd8 31. Qg5+ Kc8 32. Qxd5 Kb8 33. Rh6
Bg3 34. Rg6 {Source: Kevin Thurlow} 1-0

[Event "Surrey League"]
[Site "?"]
[Date "1986.??.??"]
[Round "?"]
[White "Berry, Stephen H"]
[Black "Thurlow, Kevin J"]
[Result "1-0"]
[WhiteElo "2265"]
[BlackElo "2025"]
[PlyCount "57"]
[EventDate "1986.??.??"]

1. b3 e5 2. Bb2 Nc6 3. e3 Nf6 4. Bb5 d6 5. Ne2 Bd7 6. O-O a6 7. Bxc6 Bxc6 8. f4
Be7 9. c4 exf4 10. Nxf4 Qd7 11. Nc3 O-O-O 12. Ncd5 h5 13. d3 Rh6 14. e4 h4 15.
Qf3 Bxd5 16. cxd5 Kb8 17. Ne2 Rg6 18. Nd4 Rh8 19. Nf5 h3 20. g3 Bf8 21. Rac1
Ng4 22. Rc2 Ne5 23. Qe2 c5 24. d4 cxd4 25. Bxd4 Be7 26. Rfc1 Bg5 27. Rf1 Qb5
28. Qxb5 axb5 29. Nxd6 {Source: Kevin Thurlow} 1-0

[Event "Surrey Championship"]
[Site "Surrey"]
[Date "1990.??.??"]
[Round "?"]
[White "Thurlow, Kevin J"]
[Black "Berry, Stephen H"]
[Result "0-1"]
[WhiteElo "2360"]
[BlackElo "2015"]
[PlyCount "82"]
[EventDate "1990.??.??"]
[EventCountry "ENG"]

1. c4 e6 2. Nc3 b6 3. d4 Bb4 4. e4 Bb7 5. Bd3 f5 6. Qh5+ g6 7. Qe2 Nf6 8. Bg5
fxe4 9. Bxe4 Bxe4 10. Bxf6 Qxf6 11. Qxe4 O-O 12. Nf3 Nc6 13. O-O Bxc3 14. bxc3
Qf5 15. Rae1 Qxe4 16. Rxe4 Rf5 17. Ne5 Nxe5 18. dxe5 Raf8 19. f3 R8f7 20. Rd1
Kf8 21. Kf2 Ke8 22. a4 g5 23. a5 Rf4 24. axb6 axb6 25. Rde1 Kd8 26. Ke3 Kc8 27.
Rd1 Rxe4+ 28. Kxe4 Rf4+ 29. Kd3 Kb7 30. Kc2 Kc6 31. Rd4 Rxd4 32. cxd4 d5 33.
exd6 Kxd6 34. g3 c6 35. Kd3 Ke7 36. Ke4 b5 37. d5 b4 38. dxc6 Kd6 39. Kd3 Kxc6
40. Kc2 Kc5 41. Kb3 g4 {Source: Kevin Thurlow} 0-1

[Event "Cappelle op 06th"]
[Site "Cappelle-la-Grande"]
[Date "1990.02.20"]
[Round "4"]
[White "Jacobs, Byron A"]
[Black "Berry, Stephen H"]
[Result "0-1"]
[WhiteElo "2350"]
[BlackElo "2295"]
[PlyCount "88"]
[EventDate "1990.02.18"]
[EventType "swiss"]
[EventRounds "9"]
[EventCountry "FRA"]
[SourceTitle "EXT 2004"]
[Source "ChessBase"]
[SourceDate "2003.11.25"]
[SourceVersion "1"]
[SourceVersionDate "2003.11.25"]
[SourceQuality "1"]

1. d4 Nf6 2. Bg5 e6 3. e4 h6 (3... d5 4. e5 h6) 4. Bxf6 Qxf6 5. Nf3 b6 6. Nc3
Bb4 7. Qd2 Bb7 8. Bd3 c5 9. a3 Bxc3 10. Qxc3 Nc6 11. e5 Qe7 12. Be4 O-O 13.
dxc5 bxc5 14. O-O-O Nb4 15. axb4 Bxe4 16. bxc5 Bd5 17. Qa5 Rfc8 18. b4 Rab8 19.
Rd4 Bxf3 20. gxf3 Qg5+ 21. f4 Qg2 22. Rhd1 Qxf2 23. R1d2 Qe3 24. Kb2 Kh7 25.
Qa3 Qe1 26. Rxd7 a5 27. Qd3+ Kg8 28. b5 Rxc5 29. Rd8+ Rxd8 30. Qxd8+ Kh7 31.
Qd3+ g6 32. b6 $2 (32. c4 $13 {[%csl Rb2]}) 32... Rc6 33. Qd4 Rxb6+ 34. Qxb6
Qxd2 35. Qc7 Qb4+ 36. Ka2 Kg7 37. Qd8 Qa4+ 38. Kb2 Qb4+ 39. Ka2 Qxf4 40. Qxa5
Qxh2 41. Qc7 h5 42. Qb8 Qxc2+ 43. Ka1 Qc1+ 44. Ka2 Qf4 0-1

[Event "Lloyds Bank op 15th"]
[Site "London"]
[Date "1991.??.??"]
[Round "8"]
[White "Rossiter, Philip J"]
[Black "Berry, Stephen H"]
[Result "0-1"]
[WhiteElo "2320"]
[BlackElo "2225"]
[PlyCount "92"]
[EventDate "1991.08.??"]
[EventType "swiss"]
[EventRounds "10"]
[EventCountry "ENG"]

1. d4 Nf6 2. c4 e6 3. Nc3 Bb4 4. e3 O-O 5. Nge2 d5 6. a3 Be7 7. cxd5 Nxd5 8. g3
(8. Qc2) (8. Bd2 Nb6 $5) 8... b6 (8... Nxc3 9. Nxc3 c5 10. d5 Bf6 11. Bg2 Bxc3+
12. bxc3 exd5 13. Bxd5 Nd7 14. O-O Nb6 15. Bg2 Qe7 $10 {Taimanov/ECO}) (8... c5
9. dxc5 Nxc3 10. Qxd8 Rxd8 11. Nxc3 Bxc5 12. Bg2 Nc6 13. O-O Be7 14. Rb1 Bd7
15. b4 Rab8 16. Bb2 Ne5 $10 {Ki.Georgiev-Sax, Warsaw zt 1987}) (8... Nd7 9. Bg2
Nxc3 10. bxc3 c5 11. O-O Rb8 12. e4 b5 13. f4 Nb6 14. Qd3 a6 $13 {Lein-Suba,
New York 1988}) 9. Bg2 Bb7 10. e4 Nxc3 11. bxc3 c5 $5 (11... Nc6 12. O-O Na5
$10 {Wexler-Korchnoi, Buenos Aires 1960}) 12. O-O cxd4 13. cxd4 Nc6 14. Bf4 Ba6
15. Re1 $5 e5 (15... Bxe2 $6 16. Rxe2 Qxd4 17. Rd2 Qf6 18. e5 Nxe5 19. Bxa8 $13
) 16. d5 exf4 17. dxc6 fxg3 18. Nxg3 Bc5 19. Qa4 Qf6 20. Qxa6 $6 (20. Ra2 $10)
20... Bxf2+ 21. Kh1 Bxe1 22. Rxe1 Qxc6 23. Nf5 (23. e5 Qc3 24. Rd1 Rae8 25. Rd7
Rxe5 26. Qxa7 Re1+ 27. Nf1 Qc4 28. Kg1 Qc5+ 29. Kh1 Qf2 $17) 23... Qc2 24. Qb5
Qc5 25. Qb2 f6 26. Rc1 Qe5 27. Qxe5 fxe5 28. Bh3 g6 29. Nd6 Rad8 30. Nc4 Rd4
31. Be6+ Kg7 32. Re1 Rf4 33. Bd5 Rxd5 34. exd5 Rxc4 35. Rxe5 Rc7 36. Kg2 Kf6
37. Re6+ Kf7 38. Kf3 Rd7 39. Re5 Re7 40. Rg5 Re1 41. h4 Kf6 42. Rg2 Ke5 43. Rc2
Ra1 44. Rc7 Rxa3+ 45. Kf2 Kxd5 46. Rxh7 Ke5 0-1

[Event "Cappelle op 10th"]
[Site "Cappelle la Grande"]
[Date "1994.??.??"]
[Round "?"]
[White "Berry, Stephen H"]
[Black "Klinger, Josef"]
[Result "1-0"]
[WhiteElo "2320"]
[BlackElo "2475"]
[Annotator "Page, Mark"]
[PlyCount "53"]
[EventDate "1994.02.??"]
[EventType "swiss"]
[EventRounds "9"]
[EventCountry "FRA"]
[SourceTitle "Din22"]

{(Notes by Mark Page; Black is an Austrian GM)} 1. b3 Nf6 2. Bb2 e6 3. e3 Be7
4. Nf3 O-O 5. d4 b6 6. Bd3 Bb7 7. O-O c5 8. Nbd2 Nc6 9. c4 d6 10. Rc1 Rc8 11.
Qe2 Rc7 12. Rfd1 Qa8 13. Bb1 Rd8 14. d5 $5 exd5 15. cxd5 Nxd5 {[#]} 16. Ne4 $1
(16. Qd3 g6 $1 17. Qxd5 Ne5 $1 $19) 16... Nb8 17. Nfg5 $1 h6 18. Nxf7 Kxf7 19.
Qh5+ Kf8 (19... g6 20. Qf3+ Kg8 21. Qg4 $1) 20. Qg6 Nf6 21. Nxf6 Bxf6 22. Bxf6
Rdd7 23. Bb2 (23. Bxg7+ $1) 23... d5 24. Qh7 Rf7 25. Be5 Rc6 26. Qh8+ Ke7 27.
Qxb8 1-0

[Event "Cappelle op 10th"]
[Site "Cappelle la Grande"]
[Date "1994.??.??"]
[Round "2"]
[White "Kirov, Nino"]
[Black "Berry, Stephen H"]
[Result "1-0"]
[WhiteElo "2470"]
[BlackElo "2320"]
[PlyCount "77"]
[EventDate "1994.02.??"]
[EventType "swiss"]
[EventRounds "9"]
[EventCountry "FRA"]
[SourceTitle "TD"]
[Source "ChessBase"]
[SourceDate "1994.03.01"]
[SourceVersion "1"]
[SourceVersionDate "1994.03.01"]
[SourceQuality "1"]

1. Nf3 d6 2. g3 e5 3. c4 f5 4. Nc3 Nf6 5. d4 e4 6. Nh4 c6 7. Bh3 g6 8. Bg5 Bg7
9. O-O O-O 10. f3 exf3 11. exf3 Na6 12. Qd2 Nc7 13. Rad1 Be6 14. b3 Qd7 15.
Rfe1 Rae8 16. Ng2 Nh5 17. Re2 b5 18. Qd3 bxc4 19. bxc4 Qf7 20. d5 cxd5 21. Nxd5
Bxd5 22. Rxe8 Rxe8 23. cxd5 Re5 24. Qb3 Rxd5 25. Qb8+ Bf8 26. Re1 Ne6 27. Bh6
Nhg7 28. Ne3 Re5 29. f4 Re4 30. Bg2 Nd4 31. Bxg7 Qxg7 32. Bxe4 fxe4 33. Kg2 Qf7
34. Qb2 Bg7 35. Rd1 Ne6 36. Qc2 Qe8 37. Rxd6 Nd4 38. Qc4+ Qf7 39. Rd8+ 1-0

[Event "Cappelle op 10th"]
[Site "Cappelle la Grande"]
[Date "1994.??.??"]
[Round "6"]
[White "Berry, Stephen H"]
[Black "Ikonnikov, Vyacheslav"]
[Result "1-0"]
[WhiteElo "2320"]
[BlackElo "2515"]
[PlyCount "95"]
[EventDate "1994.02.??"]
[EventType "swiss"]
[EventRounds "9"]
[EventCountry "FRA"]
[SourceTitle "TD"]
[Source "ChessBase"]
[SourceDate "1994.03.01"]
[SourceVersion "1"]
[SourceVersionDate "1994.03.01"]
[SourceQuality "1"]

1. b3 e5 2. Bb2 d6 3. e3 Nf6 4. c4 Nbd7 5. Nc3 Be7 6. Nf3 c6 7. Qc2 a6 8. d4 b5
9. Bd3 Bb7 10. O-O O-O 11. Rad1 g6 12. dxe5 dxe5 13. Ne4 Qc7 14. Nxf6+ Bxf6 15.
Be4 Rfe8 16. Ba3 Bg7 17. Bd6 Qd8 18. Bd3 Re6 19. c5 h6 20. h4 f5 21. Be2 Qe8
22. h5 Bf6 23. Nh2 e4 24. f3 exf3 25. Bxf3 Ne5 26. Be2 Bc8 27. e4 fxe4 28. Ng4
Nxg4 29. Bxg4 Ra7 30. Bxe6+ Qxe6 31. Rfe1 Kg7 32. Qxe4 Qxe4 33. Rxe4 Bf5 34.
Re8 Kh7 35. Be5 Re7 36. hxg6+ Kxg6 37. Rg8+ Kf7 38. Bxf6 Kxf6 39. Kf1 Ke5 40.
Re1+ Be4 41. b4 Kd5 42. Rd8+ Kc4 43. Rd6 h5 44. a3 Re8 45. Rh6 a5 46. bxa5 Kxc5
47. Rxh5+ Kd6 48. Rh4 1-0

[Event "Cappelle op 10th"]
[Site "Cappelle la Grande"]
[Date "1994.??.??"]
[Round "6"]
[White "Piskov, Yury"]
[Black "Berry, Stephen H"]
[Result "1/2-1/2"]
[WhiteElo "2550"]
[BlackElo "2320"]
[PlyCount "121"]
[EventDate "1994.02.??"]
[EventType "swiss"]
[EventRounds "9"]
[EventCountry "FRA"]
[SourceTitle "EXT 1999"]
[Source "ChessBase"]
[SourceDate "1998.11.10"]
[SourceVersion "1"]
[SourceVersionDate "1998.11.10"]
[SourceQuality "1"]

1. d4 Nf6 2. c4 e6 3. Nf3 b6 4. e3 Bb7 5. Bd3 Be7 6. Nc3 d5 7. cxd5 exd5 8.
Qa4+ c6 9. O-O O-O 10. Rd1 Nbd7 11. Ne5 Nxe5 12. dxe5 Nd7 13. Qc2 Nxe5 14.
Bxh7+ Kh8 15. Bf5 g6 16. Bh3 Kg7 17. b3 Rh8 18. Bb2 f6 19. Ne2 Bc8 20. Bxc8
Qxc8 21. h3 Qb7 22. Rac1 Rac8 23. Nf4 Rh6 24. Nxd5 Bc5 25. Nf4 Qe7 26. Nd3 Nxd3
27. Qxd3 Rh5 28. Qd7 Rc7 29. Qg4 Bd6 30. Rc4 Rd5 31. Rdc1 c5 32. Re4 Qd7 33.
Re6 Rf5 34. Qe4 Kf7 35. g4 Qxe6 36. Qxe6+ Kxe6 37. gxf5+ Kxf5 38. Rd1 Be7 39.
Kg2 Ke6 40. Kf3 f5 41. e4 b5 42. exf5+ Kxf5 43. Rd5+ Ke6 44. Ke4 a6 45. Be5 Rc8
46. Rd3 Rd8 47. Rg3 Kf7 48. f4 Rd2 49. a3 b4 50. axb4 cxb4 51. Rg1 Rh2 52. Rxg6
Rxh3 53. f5 Rxb3 54. Rg7+ Kf8 55. Kd5 Re3 56. Rh7 b3 57. Rh8+ Kf7 58. Rh7+ Kf8
59. Ke6 Rxe5+ 60. Kxe5 b2 61. Rh8+ 1/2-1/2

[Event "Cappelle op 10th"]
[Site "Cappelle la Grande"]
[Date "1994.??.??"]
[Round "8"]
[White "Appleberry, Martin"]
[Black "Berry, Stephen H"]
[Result "1/2-1/2"]
[WhiteElo "2355"]
[BlackElo "2320"]
[PlyCount "136"]
[EventDate "1994.02.??"]
[EventType "swiss"]
[EventRounds "9"]
[EventCountry "FRA"]

1. e4 c5 2. Nc3 e6 3. Nf3 Nc6 4. Bb5 Nge7 5. O-O a6 6. Bxc6 Nxc6 7. d4 cxd4 8.
Nxd4 d6 9. Nxc6 bxc6 10. Qg4 h5 11. Qg3 h4 12. Qg4 e5 13. Qe2 Be7 14. Na4 Be6
15. c4 Bg5 16. Rd1 Bxc1 17. Raxc1 Qc7 18. Rd2 c5 19. Rcd1 Rd8 20. Nc3 Rh6 21.
Nd5 Bxd5 22. cxd5 Qa5 23. Rd3 Rb8 24. Ra3 Qb5 25. Qxb5+ axb5 26. Ra7 g5 27. Rd3
Rf6 28. g3 hxg3 29. Rxg3 Rg6 30. Rh3 Rg8 31. Rh7 Rf8 32. Rg7 b4 33. Rxg5 Rc8
34. b3 c4 35. bxc4 Rxc4 36. Rg4 Rc8 37. h3 Rh8 38. Kh2 Kf8 39. Rg3 Rh7 40. f3
Rc2+ 41. Rg2 Rc3 42. Rf2 b3 43. a4 b2 44. Rb7 Ra3 45. Rbxb2 Rxa4 46. Ra2 Rd4
47. Rfd2 Rb4 48. Rdb2 Rc4 49. Rb8+ Kg7 50. Rg2+ Kf6 51. Rb7 Rc3 52. Rf2 Rc8 53.
Rd7 Rch8 54. Kg2 Rxh3 55. Rxd6+ Ke7 56. Ra6 Rh1 57. Rfa2 R8h2+ 58. Kg3 Rh3+ 59.
Kf2 R3h2+ 60. Ke3 Re1+ 61. Kd3 Rd1+ 62. Kc4 Rc1+ 63. Kb5 Rb1+ 64. Kc6 Rc1+ 65.
Kb7 Rb1+ 66. Ka7 Rxa2 67. Rxa2 Rb3 68. Rf2 Kd6 1/2-1/2

[Event "Cappelle op 10th"]
[Site "Cappelle la Grande"]
[Date "1994.??.??"]
[Round "8"]
[White "Kengis, Edvins"]
[Black "Berry, Stephen H"]
[Result "1/2-1/2"]
[WhiteElo "2565"]
[BlackElo "2320"]
[PlyCount "107"]
[EventDate "1994.02.??"]
[EventType "swiss"]
[EventRounds "9"]
[EventCountry "FRA"]
[SourceTitle "TD"]
[Source "ChessBase"]
[SourceDate "1994.03.01"]
[SourceVersion "1"]
[SourceVersionDate "1994.03.01"]
[SourceQuality "1"]

1. Nf3 d6 2. d4 Nf6 3. g3 Nbd7 4. Bg2 e5 5. c4 Be7 6. O-O O-O 7. Qc2 Re8 8. Rd1
Bf8 9. Nc3 c6 10. h3 a6 11. e4 b5 12. c5 exd4 13. Nxd4 dxc5 14. Nxc6 Qb6 15. e5
Bb7 16. exf6 Nxf6 17. Bg5 Bxc6 18. Bxf6 Bxg2 19. Bxg7 Bb7 20. Bxf8 Rxf8 21. Nd5
Bxd5 22. Rxd5 c4 23. Rad1 Rad8 24. Qf5 Rxd5 25. Rxd5 Re8 26. Qg4+ Kf8 27. Qf4
Qe6 28. Qd4 Qe1+ 29. Kg2 Qe6 30. g4 h6 31. Kg3 Kg8 32. Rd6 Qe5+ 33. Qxe5 Rxe5
34. Kf3 h5 35. Rxa6 hxg4+ 36. hxg4 Rc5 37. Ke4 c3 38. bxc3 Rxc3 39. f4 b4 40.
Kf5 Kg7 41. Kg5 b3 42. axb3 Rxb3 43. f5 Rb5 44. Ra4 Rc5 45. Kf4 Rb5 46. g5 Rb1
47. Kg4 Rg1+ 48. Kh5 Rh1+ 49. Rh4 Rg1 50. f6+ Kh7 51. Rh2 Rg3 52. Rd2 Rg1 53.
Rd8 Rxg5+ 54. Kxg5 1/2-1/2

[Event "Lloyds Bank Masters 18th"]
[Site "London"]
[Date "1994.08.20"]
[Round "1"]
[White "Berry, Stephen H"]
[Black "Hebden, Mark"]
[Result "0-1"]
[WhiteElo "2320"]
[BlackElo "2520"]
[PlyCount "116"]
[EventDate "1994.08.20"]
[EventType "swiss"]
[EventRounds "10"]
[EventCountry "ENG"]

1. b3 e5 (1... d5 $145 2. Bb2 Nf6 3. e3 Bg4 4. Be2 Bxe2 5. Qxe2 Nbd7 $2 6. Nf3
$2 {Berry,SH-Law,AP/National Club Final, Kings Head-Wood Green 1989/1/2-1/2} (
6. Bxf6 $5 gxf6 7. Qb5 e6 8. Qxb7 Rg8 9. g3 $14 {/+/-})) 2. Bb2 d6 3. e3 g6 4.
d4 Bg7 5. Nf3 e4 6. Ng1 Nh6 7. c4 O-O 8. Nc3 Re8 9. Nge2 c6 10. Nf4 Na6 11. Be2
Nc7 12. Qd2 d5 13. h3 Nf5 14. O-O-O Ne6 15. Nxe6 Bxe6 16. c5 b6 17. Na4 b5 18.
Nc3 Qh4 19. g3 Qe7 20. Kb1 Qb7 21. Rdg1 a5 22. h4 h6 23. g4 Ne7 24. f3 exf3 25.
Bxf3 b4 26. Na4 Rad8 27. Qg2 Nc8 28. Re1 Re7 29. Re2 Rde8 30. Rhe1 f5 31. Ka1
Qd7 32. gxf5 Bxf5 33. a3 bxa3 34. Bc3 Bd3 35. Rd2 Rxe3 36. Rxe3 Rxe3 37. Ka2
Bf5 38. Bxa5 Qf7 39. Bg4 Ne7 40. Kxa3 Bxg4 41. Qxg4 Nf5 42. Bc3 h5 43. Qf4 Bh6
44. Qh2 Kh7 45. Rd1 Qb7 46. Qc2 Qa6 47. Bb2 Bg7 48. Bc1 Re2 49. Qd3 Qxd3 50.
Rxd3 Nxd4 51. b4 Re4 52. Bd2 Rxh4 53. Nb6 Rh1 54. Ka2 Rd1 55. Nd7 h4 56. Nb8 g5
57. Rxd4 Bxd4 58. Bxg5 Be5 0-1

[Event "Lloyds Bank Masters 18th"]
[Site "London"]
[Date "1994.08.22"]
[Round "3"]
[White "Berry, Stephen H"]
[Black "Dunworth, Christopher"]
[Result "1/2-1/2"]
[WhiteElo "2320"]
[BlackElo "2220"]
[PlyCount "65"]
[EventDate "1994.08.20"]
[EventType "swiss"]
[EventRounds "10"]
[EventCountry "ENG"]

1. b3 e5 2. Bb2 d6 3. e3 Nf6 4. c4 g6 5. Nc3 Bg7 6. Nf3 O-O 7. d4 e4 8. Nd2 Re8
9. Be2 Qe7 10. g4 g5 11. h3 c6 12. Qc2 a6 13. O-O-O b5 14. Rdg1 b4 15. Na4 Nbd7
16. h4 h6 17. hxg5 hxg5 18. Nf1 Rb8 19. Kb1 Nf8 20. c5 d5 21. Nb6 Be6 22. Bxa6
Nxg4 23. Rg2 f6 24. Be2 Nh6 25. Ng3 Nf5 26. Nh5 Nd7 27. Na4 Nf8 28. Bc1 Ng6 29.
Rgg1 Nfh4 30. Bd2 Kf7 31. Nb6 Rh8 32. Kb2 Bf8 33. Qd1 1/2-1/2

[Event "Lloyds Bank Masters 18th"]
[Site "London"]
[Date "1994.08.24"]
[Round "5"]
[White "Berry, Stephen H"]
[Black "Pert, Nicholas"]
[Result "0-1"]
[WhiteElo "2320"]
[BlackElo "2105"]
[PlyCount "154"]
[EventDate "1994.08.20"]
[EventType "swiss"]
[EventRounds "10"]
[EventCountry "ENG"]

1. b3 Nf6 2. Bb2 b6 3. Nf3 Bb7 4. e3 e6 5. d4 Ne4 6. Bd3 f5 7. O-O Be7 8. Nfd2
O-O 9. f3 Nxd2 10. Nxd2 c5 11. Qe2 Nc6 12. c3 cxd4 13. exd4 Qe8 14. Rad1 Rf6
15. Nc4 Rh6 16. Bc1 g5 17. b4 f4 18. b5 Nd8 19. Ne5 Rf6 20. Ng4 Rf8 21. Qe5 Nf7
22. Nf6+ Kh8 23. Nxe8+ Nxe5 24. dxe5 Rfxe8 25. Rfe1 Rac8 26. c4 Kg7 27. Bb2 Rc7
28. Bd4 h5 29. a4 Bb4 30. Re2 Kf7 31. Bf2 Rg8 32. Be4 Bxe4 33. Rxe4 Kg6 34. h4
Rgc8 35. hxg5 Kxg5 36. Kh2 Bc3 37. Rc1 Bb4 38. Kh3 Bc5 39. Bh4+ Kf5 40. g3 Be3
41. Rc2 Rc5 42. gxf4 Bxf4 43. Rd4 R5c7 44. Bg3 Bxg3 45. Kxg3 Kxe5 46. Rh4 Kf6
47. Rxh5 Rxc4 48. Rd2 Rg8+ 49. Kf2 Rg7 50. Ra2 Rc5 51. Rh8 Ke5 52. Ra8 d5 53.
Re8 Kd6 54. Rd8+ Rd7 55. Rh8 Rc4 56. Rh6 Re7 57. Ke3 Rc3+ 58. Ke2 Rf7 59. Rh3
d4 60. a5 Rb3 61. axb6 axb6 62. Ra8 Rf5 63. Rc8 Rbxb5 64. Kd3 Rb3+ 65. Ke4 Rd5
66. Kf4 d3 67. Rd8+ Kc5 68. Rxd5+ Kxd5 69. Ke3 e5 70. Kd2 e4 71. fxe4+ Kd4 72.
e5 Rb2+ 73. Kc1 Re2 74. Rh6 b5 75. Rh8 Rxe5 76. Rd8+ Ke3 77. Rb8 Ke2 0-1

[Event "Lloyds Bank Masters 18th"]
[Site "London"]
[Date "1994.08.25"]
[Round "6"]
[White "Saunders, John C"]
[Black "Berry, Stephen H"]
[Result "1/2-1/2"]
[WhiteElo "2225"]
[BlackElo "2320"]
[PlyCount "36"]
[EventDate "1994.08.20"]
[EventType "swiss"]
[EventRounds "10"]
[EventCountry "ENG"]

1. e4 e5 2. Bc4 Nf6 3. d3 Be7 4. Nf3 d6 5. c3 O-O 6. O-O Nc6 7. Bb3 d5 8. Nbd2
dxe4 9. dxe4 Bc5 10. Qe2 Qe7 11. Nc4 a5 12. Ne3 Bxe3 13. Qxe3 a4 14. Bc4 Be6
15. Qe2 {(=)} Nd7 16. Be3 Na5 17. Bxe6 Qxe6 18. Rfd1 Rfd8 1/2-1/2

[Event "St Peter de Beauvoir"]
[Site "?"]
[Date "1995.??.??"]
[Round "12"]
[White "Berry, Stephen H"]
[Black "Britton, Richard"]
[Result "1-0"]
[WhiteElo "2325"]
[BlackElo "2320"]
[PlyCount "81"]
[EventDate "1995.??.??"]
[SourceTitle "Din25"]

1. b3 Nf6 2. Bb2 g6 3. e3 Bg7 4. Nf3 d6 5. d4 O-O 6. Be2 Nbd7 7. c4 e5 8. Nc3
Re8 9. Qc2 exd4 10. Nxd4 Ne5 11. O-O h5 12. Rac1 Bg4 13. h3 Bxe2 14. Ndxe2 c6
15. Rcd1 Bf8 16. Ng3 Qc7 17. Nce4 Nh7 18. f4 Nd7 19. Qc3 f6 20. Qc2 h4 {[#]}
21. Ng5 $1 {(Exploiting the strength of the a1-h8 diagonal)} Bg7 (21... fxg5 $4
22. Qxg6+ Bg7 23. Qxg7#) (21... hxg3 $4 22. Qxg6+ Bg7 23. Qxh7+ Kf8 24. Qf5 $18
) (21... Nxg5 22. Qxg6+ Bg7 23. Nh5 Nxh3+ 24. gxh3 Re7 25. Bxf6 $18) 22. Nh5 $1
Nhf8 (22... Nxg5 23. Qxg6 $18) 23. Nxg7 Kxg7 24. Qf2 Kg8 25. Qxh4 $1 Rxe3 (
25... fxg5 26. Qh8+ Kf7 27. Qg7+ Ke6 28. fxg5 $18) 26. Nf3 $16 Nh7 27. Qh6 Ndf8
28. f5 Re2 29. fxg6 Rxb2 30. gxh7+ Nxh7 31. Rd4 Kh8 32. Nh4 Qb6 33. Rfd1 Rb1 $2
(33... Rxa2) 34. Kh2 Rxd1 35. Rxd1 Qc5 36. Rd3 Qe5+ $2 37. Rg3 $18 Rg8 38. Ng6+
Rxg6 39. Qxg6 Ng5 40. Qh6+ Kg8 41. h4 1-0

[Event "London League"]
[Site "?"]
[Date "1996.??.??"]
[Round "?"]
[White "Berry, Stephen H"]
[Black "Cubitt, Clive"]
[Result "1-0"]
[WhiteElo "2350"]
[BlackElo "2270"]
[Annotator "Berry, Steve"]
[PlyCount "89"]
[EventDate "1996.??.??"]
[SourceTitle "Mitcham CC bulletin"]
[WhiteTeam "Mitcham"]
[BlackTeam "Drunken Knights"]
[WhiteTeamCountry "ENG"]
[BlackTeamCountry "ENG"]

1. e4 e6 2. d3 d5 3. Nd2 Nf6 4. Ngf3 dxe4 5. dxe4 Bc5 {(Black is threatening ..
.Ng4. Maybe 6.Bc4 is the right move here, but I did not see his next)} 6. Bd3
e5 $1 (6... Nc6 $2 {was what I wanted him to play and something like} 7. e5 Ng4
8. Ne4 $1 {; 6...e5 stops everything and makes the B on d3 look stupid}) 7. O-O
(7. Nxe5 $2 Qd4) (7. Nc4 {is what I should play:} Nc6 8. c3 {hoping to gain
some space on the queenside; instead I start to drift}) 7... Nc6 8. Nc4 Qe7 9.
c3 a5 {(It's amazing how quickly White now gets a bad game.)} 10. Qe2 O-O 11.
Bg5 h6 12. Bh4 $2 g5 $1 13. Bg3 Nh5 14. Ne3 Bxe3 $1 15. Qxe3 Nf4 16. Bc2 $2 b6
$1 17. Rfe1 Qf6 18. Rad1 Ne7 {(Cubitt has been playing carefully and rather
well. His plan of 16...b6 to stop Qc5, then ...Qf6 with the intention of ...
Ne7 and Ng6 further strengthening his position gave me a panic attack. I felt
I had to do something.)} 19. Nd4 $2 {(It's time to start playing like Tal! 
[why change the habits of a life-time? - ed] If Black takes the N, I retake
with the P intending e5 and then mate on h7. "If Misha has an open file 
[diagonal?] he will deliver mate" (Koblents) blah, blah.)} exd4 {(He took it!!)
} 20. cxd4 Bb7 $1 {(Not too difficult really. From now on White's game goes
rapidly downhill)} 21. d5 (21. e5 Qg7 (21... Qc6 {After the game a rather
terse Clive Cubitt pointed out that this is also OK}) 22. Bxf4 gxf4 23. Qxf4
Qxg2# {is mate}) 21... Qe5 22. Bb3 Neg6 23. d6 Rad8 $1 24. dxc7 Rxd1 25. Rxd1
Qxc7 26. h3 Re8 27. Rd4 (27. f3 Nxh3+) 27... Qc6 28. f3 Qc5 {[#](Black has
only one major problem. His position is so good, it's difficult to think of
ways to improve it. He now threatens 29...Qxd4 or 29...Ne2+. Surely it's time
for White to resign? It's sad to say however that there are some people who
just want to drag things out.)} 29. Kh2 $1 Ne2 $2 30. Bxf7+ Kxf7 31. Rd7+ Re7
32. Rxe7+ Kxe7 33. Qxe2 {(He finally went wrong. 29...Bc6 was correct. But
Black is still winning and has only four moves to get to the time control. He
still needs to find one more bad idea.)} h5 $2 {(And here it is! He weakens g5.
Bringing the B round to e6 looks better)} 34. Qd2 $1 h4 35. Bb8 Nf8 $2 (35...
Nh8 $5 $17 {Fritz4}) 36. e5 $1 {(Ouch! Threatening Bd6+ and Qxg5+. White is
now winning)} Ke6 37. Qxg5 Qf2 (37... Qe7 38. Qg4+ Kf7 39. Bd6 Qd8 40. f4 {
in preference to this lingering agony, Cubitt thows himself on his sword}) 38.
Qg8+ Kd7 39. Qf7+ Kc6 40. e6 $1 Nxe6 41. Qxe6+ Kb5 42. a4+ Kc5 43. Bc7 $1 Qxb2
44. Bd6+ Kd4 45. Be5+ {(My best swindle of recent times)} 1-0